| 000 | 00943nam a22002417a 4500 | ||
|---|---|---|---|
| 005 | 20080923102150.0 | ||
| 008 | 080923t xxu||||| |||| 00| 0 eng d | ||
| 010 | _aENG-91038 | ||
| 020 | _c140.00 | ||
| 035 | _aEN-74571 | ||
| 037 | _bDBAD / PUB | ||
| 040 |
_adpl _bEnglish |
||
| 082 | _a320.95431 | ||
| 100 | _aChristal Jeeva, R. | ||
| 245 |
_aCongress rule under Bhaktavatsalam 1963-67/ _cby R. Christal Jeeva |
||
| 260 |
_aErode _bPallavi Pathippagam _c2008 |
||
| 270 |
_bErode _a194, Kanna Complex, Mettur Raod, _e11 |
||
| 300 |
_a129p. _c22cm (pbk) |
||
| 650 |
_aPolitical Situation & Conditions. _xHistory _zIndia _zTamil Nadu |
||
| 651 |
_aTamil Nadu (India) _xPolitics and government _y1963-67 |
||
| 942 |
_2ddc _cEN _mJEE _h320.95431 |
||
| 999 |
_c15600 _d15600 |
||